Trouvez les bons chiffres/nombres - Aléatoire - Statistiques

Statistiques générales
  • Ce quiz a été pris 162 fois
  • Le résultat moyen est 3 sur 5
Statistiques - réponses
Indice Chiffre/Nombre % Correct
Entre 1 et 10 2
86%
Entre 1 et 10 10
83%
Entre 1 et 10 3
83%
Entre 1 et 10 5
79%
Entre 1 et 10 5
79%
Entre 1 et 10 5
78%
Entre 1 et 10 8
73%
Entre 1 et 10 5
71%
Entre 1 et 10 7
71%
Entre 1 et 10 3
70%
Entre 1 et 10 4
70%
Entre 1 et 10 8
69%
Entre 1 et 10 6
67%
Entre 1 et 10 7
67%
Entre 1 et 10 8
67%
Entre 1 et 10 6
63%
Entre 1 et 10 9
63%
Entre 1 et 10 1
62%
Entre 1 et 10 2
62%
Entre 1 et 10 9
60%
Entre 1 et 10 3
59%
Entre 1 et 10 4
58%
Entre 1 et 10 2
57%
Entre 1 et 10 5
57%
Entre 1 et 10 2
56%
Entre 1 et 10 3
56%
Entre 1 et 10 4
56%
Entre 1 et 10 9
56%
Entre 1 et 10 7
55%
Entre 1 et 10 7
55%
Entre 1 et 10 1
54%
Entre 1 et 10 3
53%
Entre 1 et 10 1
50%
Entre 1 et 10 4
50%
Entre 1 et 10 4
50%
Entre 1 et 10 9
50%
Entre 1 et 10 2
46%
Entre 1 et 10 6
46%
Entre 1 et 10 6
44%
Entre 1 et 10 1
43%
Entre 1 et 10 8
43%
Entre 1 et 10 1
38%
Entre 1 et 10 10
38%
Entre 1 et 10 6
38%
Entre 1 et 10 10
36%
Entre 1 et 10 9
36%
Entre 1 et 10 7
33%
Entre 1 et 10 10
30%
Entre 1 et 10 8
25%
Entre 1 et 10 10
20%
Aucun quiz correspondant
Distribution des résultats
% des personnes avec chaque résultat
Percentile par nombre de réponses
Votre historique - résultats
Vous n’avez pas pris ce quiz